| 000 | 00764nam a2200205 a 4500 | ||
|---|---|---|---|
| 003 | 0 | ||
| 005 | 20250607115711.0 | ||
| 008 | 021121s19uu xx 00 eng d | ||
| 050 |
_aPGS SB 295.N43 _b.M678 2000 |
||
| 100 | _aMisa, John Ross. | ||
| 245 |
_aThe awareness of Southville International School teachers on the different uses of Neem tree / _cJohn Ross Misa. |
||
| 260 |
_aLas PiƱas City, Philippines : _bSouthville International School and Colleges, _c2000. |
||
| 300 |
_a25 pages : _bcolored illustrations ; _c28 cm. |
||
| 504 | _aIncludes bibliographical references. | ||
| 650 |
_aAzadirachta indica _zPhilippines. |
||
| 650 |
_aNeem tree _vUses. |
||
| 650 | _aMedicinal plants. | ||
| 650 |
_aTeachers _vKnowledge and attitudes. |
||
| 942 |
_2lcc _cPASS |
||
| 999 |
_c96328 _d96328 |
||